| 000 | 00768nam a2200181Ia 4500 | ||
|---|---|---|---|
| 008 | 151202s9999||||xx |||||||||||||| ||und|| | ||
| 082 | _bPNVM-76267 | ||
| 100 | _a"आगवणे कल्पना,जोशी सुशिला." | ||
| 245 | _aसंस्कार आमुचे असे हवेत. | ||
| 260 | _b"कौशिक प्रकाशन,सातारा." | ||
| 260 | _c2010 | ||
| 300 | _a63 | ||
| 600 | _a"आगवणे कल्पना,जोशी सुशिला." | ||
| 630 | _aसंस्कार आमुचे असे हवेत. | ||
| 700 | _a"आगवणे कल्पना,जोशी सुशिला." | ||
| 730 | _aसंस्कार आमुचे असे हवेत. | ||
| 942 | _cBOOK | ||
| 999 |
_c1342926 _d1342923 |
||